Stati tra 3 000 000 e 4 000 000 abitanti - Statistics

Statistiche generali
  • Questo quiz è stato fatto 13 volte
  • Il punteggio medio è 4 su 6
Statistiche sulle risposte
Popolazione (ab.) Continente Nazione % Corretto
3 444 263 America del Sud Uruguay
100%
3 277 082 Europa Bosnia ed Erzegovina
91%
3 855 641 Europa Croazia
82%
3 736 400 Asia Georgia
64%
3 457 548 Asia Mongolia
45%
3 748 902 Africa Eritrea
27%
Nessun quiz corrispondente trovato
Distribuzione punteggi
Percentuale di utenti per punteggio
Percentile per numero di risposta
I tuoi punteggi nel tempo
Non hai fatto questo quiz